| 000 | 00553nam a22001697a 4500 | ||
|---|---|---|---|
| 003 | MACL | ||
| 005 | 20160723113830.0 | ||
| 008 | 160723b xxu||||| |||| 00| 0 eng d | ||
| 040 | _cMACL | ||
| 041 | _aHindi | ||
| 082 | _a891.432 BEN | ||
| 100 |
_aबेनीपुरी, श्रीरामवृक्ष _938104 |
||
| 245 |
_aअंबपाली _cश्रीरामवृक्ष बेनीपुरी |
||
| 260 |
_aनई दिल्ली _bज्ञान गंगा |
||
| 650 |
_aनाटक _965047 |
||
| 942 |
_2ddc _cHIN |
||
| 999 |
_c54736 _d54736 |
||